000 01223cam a22003131i 4500
003 SA-RiAUC
005 20250909110708.0
008 250907s2006 su g b 00010 ara c
020 _a9960994708
020 _a9960994708
040 _aSA-RiKAPL
_bara
_cSA-RiAUC
_erda
043 _aa-ii---
072 7 _a028
082 0 4 _a254.1
_qSA-RiAUC
090 _a254.1
_bن ف ي
100 1 _aالنفيسة، عبد الرحمن حسن،
_d1361 هجري-
_eمؤلف.
245 1 0 _aرسالة إلى أهل السنة والجماعة في جنوب الهند /
_cعبد الرحمن حسن النفيسة.
264 1 _aالرياض :
_bمجلة البحوث الفقهية المعاصرة،
_c2006
300 _a71 صفحة ؛
_c24 سم.
336 _aنص
_btxt
_2rdacontent
_3كتاب
337 _aبدون وسيط
_bn
_2rdamedia
338 _aمجلد
_bnc
_2rdacarrier
490 0 _aإصدارات مجلة البحوث الفقهية المعاصرة ؛
_v17
504 _aيشتمل على إرجاعات ببليوجرافية.
650 7 _aالزواج (فقه إسلامي)
_2aucsh
650 7 _aالإسلام
_zالهند
_2aucsh
942 _2ddc
_cBOOK
_n0
949 _aSA-JeALM
_d250907
_umohamedma123
_n1
999 _c11522
_d11522